000 00739nam a2200229Ii 4500
003 JO-AjNU
008 230605s9999||||xx |||||||||||||| ||und||
017 _a2014/1/170
020 _a978-9957-551-78-0
040 _aJO-AjNU
_bara
_erda
_cJO-AjNU
041 _aara
050 1 4 _aPJ7858.U25.2014
100 3 _aتاليف القضاة، احمد حسن,
_eauthor
_962609
245 0 0 _aمن ماضينا البعيد: مسرحية تاريخية
250 _aط1
264 3 1 _aعمان: دار الجنان للنشر والتوزيع، 2014
300 _a88ص
336 _atext
_btxt
_2rdacontent
337 _aunmediated
_bn
_2rdamedia
338 _avolume
_bnc
_2rdacarrier
650 4 _aالمسرحيات العربية
_962610
999 _aA28359
_c31927
_d31927